Poznatky o možnostech využití meziplodin

Bibliographic Details
Main Authors: Slavík, Jiří (Author), Kos, Milan (Author), Binderová, Anna (Author)
Format: Book
Language:Czech
PhysicalDescription:23 s. 8°
Published: Praha ÚVTIZ 1984
Series:Metodiky pro zavádění výsledku výzk. do zeměd. praxe

MARC

LEADER 00000nam a2200000 a 4500
001 vtls001319610
003 SK-MaSNL
005 20260301235451.0
008 251113s1984 xr 0 cze
035 |a SNK000272225 
040 |a SNK  |b slo  |c SNK  |e AACR2 
044 |a xr  |c CZ 
100 1 |a Slavík, Jiří  |4 aut  |9 7061 
245 1 |a Poznatky o možnostech využití meziplodin  |c zprac.: Jiří Slavík, Milan Kos, Anna Binderová 
260 |a Praha  |b ÚVTIZ  |c 1984 
300 |a 23 s.  |c 8° 
490 1 |a Metodiky pro zavádění výsledku výzk. do zeměd. praxe  |v 4/1984 
700 1 |a Kos, Milan  |4 aut  |9 365872 
700 1 |a Binderová, Anna  |4 aut  |9 632758 
830 0 |a Metodiky pro zavádění výsledku výzk. do zeměd. praxe  |9 439209 
958 |a OND 
999 |c 975151  |d 977081 
952 |a SNK  |b SNK  |y PREZ  |7 0  |p 17A0917481  |o snkSC 63389  |0 0  |1 0  |4 0  |d 2012-08-07  |l 0  |r 2025-06-24 00:00:00  |w 2026-02-24 
952 |t P60, <03>, [BOOK], {603}  |a SNK  |b SNK  |y PREZ  |7 0  |o snkSC 63389  |i snkKIP 5583/85  |0 0  |1 0  |4 0  |d 1998-02-06  |l 0  |r 2005-01-02 00:00:00  |w 2026-02-24 
952 |t P60, <04>, [BOOK], {604}  |a SNK  |b SNK  |y VYP  |7 0  |o snkSC 63389 D1  |i snkKIP 5584/85  |0 0  |1 0  |4 0  |d 1998-02-06  |l 0  |r 2005-01-02 00:00:00  |w 2026-02-24